[Event "Krynica op-A"]
[Site "Krynica"]
[Date "1998.??.??"]
[EventDate "?"]
[Round "?"]
[Result "1/2-1/2"]
[White "Aleksander Mista"]
[Black "Bartosz Socko"]
[WhiteElo "2240"]
[BlackElo "2485"]
[PlyCount "85"]

1.d4 Nf6 2.c4 g6 3.Nc3 Bg7 4.e4 d6 5.Nf3 O-O 6.Be2 e5 7.d5
Nbd7 8.Bg5 h6 9.Bh4 g5 10.Bg3 Nh5 11.h4 g4 12.Nh2 f5 13.exf5
Nc5 14.Bxg4 Nxg3 15.fxg3 Bxf5 16.O-O Bd3 17.Be2 e4 18.Rc1 Qe7
19.b4 Bxe2 20.Nxe2 Nd3 21.Rb1 Rxf1+ 22.Nxf1 Qf7 23.Nd2 Qf2+
24.Kh2 Re8 25.Ng1 Nb2 26.Qh5 Re7 27.Qg4 h5 28.Qg5 Qf6 29.Qxh5
e3 30.Ndf3 Nxc4 31.Ne2 Ne5 32.Nfd4 Qf7 33.Qg5 Qf6 34.Qxf6 Bxf6
35.Kh3 Nd3 36.Ne6 Nf2+ 37.Kh2 c6 38.N6f4 Re4 39.a3 cxd5
40.Nxd5 Be5 41.Kg1 Ng4 42.Rc1 b5 43.Kf1 1/2-1/2

[Event "WYB18"]
[Site "Oropesa del Mar ESP"]
[Date "2001.10.21"]
[EventDate "2001.10.06"]
[Round "1"]
[Result "1-0"]
[White "Aleksander Mista"]
[Black "Carl Fredrik Ekeberg"]
[WhiteElo "2433"]
[BlackElo "2181"]
[PlyCount "79"]

1. e4 c5 2. Nf3 Nc6 3. d4 cxd4 4. Nxd4 Nf6 5. Nc3 e5 6. Ndb5
d6 7. Bg5 a6 8. Na3 b5 9. Bxf6 gxf6 10. Nd5 Bg7 11. c3 f5
12. exf5 Bxf5 13. Nc2 Be6 14. g3 O-O 15. Bg2 a5 16. O-O Rb8
17. Qe2 f5 18. Rfd1 Qd7 19. Rd2 e4 20. Rad1 Qf7 21. f3 exf3
22. Bxf3 Ne5 23. Nce3 Nxf3+ 24. Qxf3 Be5 25. Rf2 Kh8 26. b3
Qg7 27. Nf4 Bc8 28. Ned5 b4 29. cxb4 axb4 30. Rc2 Rf7 31. Nxb4
Rc7 32. Rxc7 Qxc7 33. Nbd5 Qc2 34. Qe2 Qc5+ 35. Qf2 Qa5
36. Ne3 Ra8 37. Nc4 Qxa2 38. Qxa2 Rxa2 39. Nxe5 dxe5 40. Nh5
1-0

[Event "WYB18"]
[Site "Oropesa del Mar ESP"]
[Date "2001.10.22"]
[EventDate "2001.10.06"]
[Round "2"]
[Result "1/2-1/2"]
[White "Fabio Roisman"]
[Black "Aleksander Mista"]
[WhiteElo "2266"]
[BlackElo "2433"]
[PlyCount "101"]

1. e4 g6 2. d4 Bg7 3. c3 d6 4. Nf3 Nf6 5. Bd3 O-O 6. O-O Nc6
7. b4 e5 8. b5 Ne7 9. dxe5 dxe5 10. Nxe5 Nxe4 11. Nxg6 hxg6
12. Bxe4 Qxd1 13. Rxd1 Bf5 14. Bxf5 Nxf5 15. Bf4 Rfd8 16. Nd2
Bxc3 17. Rac1 Nd4 18. Kf1 Bxd2 19. Rxd2 Nxb5 20. Rb2 c6 21. a4
Rd4 22. axb5 Rxf4 23. bxc6 bxc6 24. Rxc6 a5 25. Ra2 a4 26. Rc3
Rb8 27. g3 Rd4 28. Rc7 Ra8 29. Rc3 Kg7 30. Ke2 Re8+ 31. Kf3 g5
32. h3 Re5 33. Rc6 Rd3+ 34. Kg2 Ra5 35. Rc4 a3 36. h4 gxh4
37. Rxh4 Rb3 38. Rf4 Kg6 39. g4 Kg5 40. Rxf7 Kxg4 41. Rf8 Kh5
42. Rg8 Ra4 43. Ra1 Rg4+ 44. Rxg4 Kxg4 45. Kf1 Kf3 46. Ke1 Ke4
47. Kd2 Kd4 48. Kc2 Rc3+ 49. Kb1 Rf3 50. Ka2 Rxf2+ 51. Kxa3
1/2-1/2

[Event "WYB18"]
[Site "Oropesa del Mar ESP"]
[Date "2001.10.23"]
[EventDate "2001.10.06"]
[Round "3"]
[Result "1-0"]
[White "Aleksander Mista"]
[Black "Enrique Rodriguez Guerrero"]
[WhiteElo "2433"]
[BlackElo "2324"]
[PlyCount "37"]

1. e4 e6 2. d4 d5 3. Nd2 c5 4. exd5 Qxd5 5. Ngf3 cxd4 6. Bc4
Qd6 7. Qe2 Nf6 8. Nb3 Nc6 9. Bg5 a6 10. O-O-O b5 11. Bd3 Be7
12. Nbxd4 Nxd4 13. Nxd4 Qd5 14. Bxf6 Bxf6 15. Kb1 Qc5 16. Be4
Ra7 17. Bc6+ Ke7 18. Qe3 Bxd4 19. Rxd4 1-0

[Event "WYB18"]
[Site "Oropesa del Mar ESP"]
[Date "2001.10.30"]
[EventDate "2001.10.06"]
[Round "9"]
[Result "1-0"]
[White "Aleksander Mista"]
[Black "Anthony Wirig"]
[WhiteElo "2433"]
[BlackElo "2273"]
[PlyCount "57"]

1. e4 c5 2. Nf3 Nc6 3. d4 cxd4 4. Nxd4 g6 5. Nc3 Bg7 6. Be3
Nf6 7. Bc4 O-O 8. Bb3 e6 9. O-O d5 10. exd5 exd5 11. f3 Na5
12. Re1 Nc4 13. Bxc4 dxc4 14. Ndb5 Qa5 15. Bc5 Rd8 16. Qe2 Bd7
17. Qxc4 Rac8 18. Re7 Be6 19. Rxe6 fxe6 20. Qxe6+ Kh8 21. Be7
Rc6 22. Bxd8 Qxd8 23. Qe3 a6 24. Rd1 Qb8 25. Qe7 Ng8 26. Rd8
Rc8 27. Nd6 Bd4+ 28. Kf1 Rxd8 29. Qxd8 1-0

[Event "ch-POL Boys U18"]
[Site "Zakopane POL"]
[Date "2001.01.17"]
[EventDate "2001.01.16"]
[Round "2"]
[Result "1-0"]
[White "Aleksander Mista"]
[Black "Marcin Debowiak"]
[WhiteElo "2432"]
[BlackElo "2143"]
[PlyCount "111"]

1. e4 e6 2. d4 d5 3. Nd2 c5 4. exd5 Qxd5 5. Ngf3 cxd4 6. Bc4
Qd6 7. Qe2 Nf6 8. Nb3 Nc6 9. Bg5 Bd7 10. O-O-O Qc7 11. Nbxd4
Nxd4 12. Rxd4 Bc5 13. Rd2 h6 14. Bxf6 gxf6 15. Bb5 O-O-O
16. Bxd7+ Rxd7 17. Rxd7 Qxd7 18. Rd1 Qc7 19. Rd3 Rd8 20. Rc3
Kb8 21. Nd2 Qd6 22. Rd3 Qc7 23. Rxd8+ Qxd8 24. Qf3 f5 25. Qf4+
Qd6 26. Qxh6 Bxf2 27. Nc4 Qc5 28. Qf4+ Qc7 29. Qxf2 Qxc4
30. Qg3+ Kc8 31. Qg8+ Kc7 32. Qxf7+ Kb6 33. b3 Qf4+ 34. Kb1
Qe4 35. Qf6 Qxg2 36. Qxe6+ Kc7 37. Qe7+ Kc6 38. Qf6+ Kc7
39. h4 Qg4 40. a4 f4 41. Qe5+ Kd7 42. Qd5+ Ke7 43. h5 f3
44. h6 Qg1+ 45. Ka2 f2 46. h7 f1=Q 47. Qxb7+ Kd6 48. Qb8+ Kc6
49. Qe8+ Kb6 50. Qe6+ Kb7 51. Qd5+ Kb6 52. Qd6+ Kb7 53. h8=Q
Qb1+ 54. Ka3 Qgc1+ 55. Kb4 Qe1+ 56. c3 1-0

[Event "ch-POL Boys U18"]
[Site "Zakopane POL"]
[Date "2001.01.18"]
[EventDate "2001.01.16"]
[Round "3"]
[Result "0-1"]
[White "Marcin Jakubowski"]
[Black "Aleksander Mista"]
[WhiteElo "2234"]
[BlackElo "2432"]
[PlyCount "98"]

1. d4 g6 2. c4 Bg7 3. Nc3 Nf6 4. e4 d6 5. f3 O-O 6. Bg5 a6
7. Qd2 Nbd7 8. Nh3 c5 9. d5 b5 10. cxb5 Qa5 11. Nf2 Nb6
12. bxa6 Bxa6 13. Bxa6 Qxa6 14. Qe2 Rfb8 15. Qxa6 Rxa6
16. Nfd1 Nc4 17. b3 Na3 18. Rc1 Nd7 19. Ke2 Nb5 20. Kd2 Nxc3
21. Nxc3 Bxc3+ 22. Kxc3 f6 23. Bd2 Rxa2 24. Ra1 Rba8 25. Rxa2
Rxa2 26. Rc1 f5 27. Rc2 Ra1 28. Rc1 Ra7 29. Bg5 Kf7 30. h3 e5
31. Kb2 Nf6 32. Rf1 Nh5 33. Rf2 fxe4 34. fxe4+ Kg7 35. Rf3 h6
36. Bd2 g5 37. Kc3 Nf6 38. Re3 Ra1 39. Kb2 Rg1 40. g4 Rg2
41. Kc3 h5 42. gxh5 Nxh5 43. Be1 Nf4 44. b4 cxb4+ 45. Kxb4
Rb2+ 46. Kc4 Ng2 47. Kc3 Rb1 48. Bd2 Nxe3 49. Bxe3 Kf6 0-1

[Event "ch-POL Boys U18"]
[Site "Zakopane POL"]
[Date "2001.01.21"]
[EventDate "2001.01.16"]
[Round "6"]
[Result "0-1"]
[White "Aleksander Mista"]
[Black "Patryk Lagowski"]
[WhiteElo "2432"]
[BlackElo "2301"]
[PlyCount "116"]

1. e4 c5 2. Nf3 d6 3. d4 cxd4 4. Nxd4 Nf6 5. Nc3 Nc6 6. Bg5 e6
7. Qd2 a6 8. O-O-O Bd7 9. f3 h6 10. Be3 Qc7 11. h4 Na5 12. g4
g6 13. Bd3 Nc4 14. Bxc4 Qxc4 15. Nb3 Qc7 16. Rhe1 b5 17. g5
hxg5 18. hxg5 Nh5 19. Bd4 Rg8 20. Qe3 Rb8 21. Kb1 b4 22. Nd5
exd5 23. exd5+ Kd8 24. c3 Bg7 25. cxb4 Re8 26. Qd2 Bxd4
27. Nxd4 Qc4 28. b5 Rxe1 29. Qa5+ Qc7 30. Qxe1 Bxb5 31. Rc1
Qb6 32. Qc3 Bd7 33. Nc6+ Bxc6 34. dxc6 Kc7 35. Re1 Qc5 36. Qd3
Qf5 37. Re7+ Kxc6 38. Qxf5 gxf5 39. Rxf7 Ng3 40. Ra7 Kb6
41. Rd7 Kc5 42. Ra7 Rg8 43. f4 Kb6 44. Rd7 Rg6 45. Rf7 Kc5
46. b4+ Kd5 47. a4 Re6 48. b5 axb5 49. axb5 Kc5 50. Rf6 Re4
51. Kc2 Rxf4 52. g6 Rg4 53. Kd3 Kxb5 54. Rxd6 Kc5 55. Ra6 Kd5
56. Ke3 Ke5 57. Kf3 Ne4 58. Rb6 Nd6 0-1

[Event "ch-POL Boys U18"]
[Site "Zakopane POL"]
[Date "2001.01.23"]
[EventDate "2001.01.16"]
[Round "8"]
[Result "1-0"]
[White "Aleksander Mista"]
[Black "Marcin Szymanski"]
[WhiteElo "2432"]
[BlackElo "2366"]
[PlyCount "55"]

1. e4 e6 2. d4 d5 3. Nd2 Nf6 4. e5 Nfd7 5. Bd3 c5 6. c3 Nc6
7. Ne2 Qb6 8. Nf3 f6 9. exf6 Nxf6 10. O-O Bd6 11. Re1 O-O
12. Nf4 cxd4 13. Nxe6 Bxe6 14. Rxe6 dxc3 15. bxc3 Bc5 16. Rb1
Qc7 17. Bg5 Ng4 18. Rb2 h6 19. Bh4 Rxf3 20. Qxf3 Qxh2+ 21. Kf1
Qh1+ 22. Ke2 Qxh4 23. Qxd5 Qxf2+ 24. Kd1 Qg1+ 25. Re1+ Kh8
26. Rbe2 Nf6 27. Qf5 Nd4 28. Qxc5 1-0

[Event "ch-POL Boys U18"]
[Site "Zakopane POL"]
[Date "2001.01.24"]
[EventDate "2001.01.16"]
[Round "9"]
[Result "1-0"]
[White "Krzysztof Jakubowski"]
[Black "Aleksander Mista"]
[WhiteElo "2331"]
[BlackElo "2432"]
[PlyCount "149"]

1. e4 d6 2. d4 Nf6 3. Nc3 g6 4. Be3 c6 5. h3 Bg7 6. f4 Nbd7
7. Nf3 Qa5 8. Bd3 e5 9. O-O O-O 10. Qe1 Re8 11. fxe5 dxe5
12. Qh4 exd4 13. Bxd4 c5 14. Bxf6 Nxf6 15. Ng5 h6 16. Nxf7
Kxf7 17. Bc4+ Be6 18. e5 g5 19. Qh5+ Kg8 20. Bxe6+ Rxe6
21. exf6 Rxf6 22. Rxf6 Bxf6 23. Nd5 Bg7 24. Rf1 Kh8 25. Qg6
Rf8 26. Rxf8+ Bxf8 27. Qe8 Kg7 28. Qe5+ Kf7 29. Qf6+ Kg8
30. Qe6+ Kg7 31. Qf6+ Kg8 32. Qg6+ Kh8 33. Qe8 Kg7 34. Qe5+
Kf7 35. Qf5+ Kg7 36. c3 Qd8 37. Qe5+ Kf7 38. Kf2 Bd6 39. Qf5+
Kg7 40. Kf3 b5 41. b3 a5 42. c4 bxc4 43. bxc4 a4 44. Qe6 h5
45. Ke4 Qf8 46. Qd7+ Kh8 47. g4 hxg4 48. hxg4 a3 49. Qf5 Qe8+
50. Kd3 Qb8 51. Qf6+ Kh7 52. Qf7+ Kh6 53. Qh5+ Kg7 54. Qxg5+
Kh8 55. Qh6+ Kg8 56. Qe6+ Kh8 57. Ke3 Bh2 58. Qf6+ Kh7
59. Qf5+ Kh8 60. g5 Qg3+ 61. Ke2 Qg2+ 62. Kd3 Qxa2 63. Qf6+
Kh7 64. g6+ Kh6 65. g7+ Kh5 66. g8=Q Qb1+ 67. Ke2 Qc2+ 68. Kf1
Qd1+ 69. Kg2 Qg1+ 70. Kh3 Qxg8 71. Qh4+ Kg6 72. Ne7+ Kf7
73. Nxg8 a2 74. Qh7+ Kf8 75. Nh6 1-0

[Event "ch-POL Boys U18"]
[Site "Zakopane POL"]
[Date "2001.01.25"]
[EventDate "2001.01.16"]
[Round "10"]
[Result "1-0"]
[White "Aleksander Mista"]
[Black "Dawid Janaszak"]
[WhiteElo "2432"]
[BlackElo "2134"]
[PlyCount "103"]

1. e4 Nc6 2. Nf3 d6 3. d4 Nf6 4. Nc3 Bg4 5. Be3 e5 6. d5 Nb8
7. h3 Bxf3 8. Qxf3 Be7 9. g4 c5 10. g5 Nfd7 11. h4 Na6
12. O-O-O Nc7 13. Bh3 b5 14. h5 h6 15. gxh6 gxh6 16. Ne2 Bg5
17. Ng3 Qe7 18. Nf5 Qf6 19. Rhg1 O-O-O 20. Bxg5 hxg5 21. Bg4
Kb8 22. Qe3 Nb6 23. Be2 Rdg8 24. Qb3 a6 25. a4 Nxa4 26. c4 Nb6
27. cxb5 a5 28. Rg3 Kb7 29. Qc2 Qd8 30. Rh1 Rh7 31. Kb1 Ne8
32. Ra3 a4 33. b3 axb3 34. Qxb3 f6 35. Qa2 Qb8 36. Kc2 Kc8
37. h6 Rgh8 38. Bg4 Kd8 39. Ra1 Rxh6 40. Nxh6 Rxh6 41. Ra6 Nc7
42. Qa5 Nc4 43. Qc3 Qxb5 44. R6a2 Rh2 45. Qf3 Ke7 46. Rb1 Nd2
47. Rxb5 Nxf3 48. Rb7 Nd4+ 49. Kd3 Ndb5 50. Ke3 Kd8 51. Rb8+
Ke7 52. Be2 1-0

[Event "ch-Pol u20"]
[Site "Brzeg Dolny POL"]
[Date "2001.02.08"]
[EventDate "2001.02.07"]
[Round "2"]
[Result "1-0"]
[White "Aleksander Mista"]
[Black "Stanislaw Zawadzki"]
[WhiteElo "2432"]
[BlackElo "2335"]
[PlyCount "77"]

1. e4 c5 2. Nf3 Nc6 3. d4 cxd4 4. Nxd4 g6 5. Nc3 Bg7 6. Be3
Nf6 7. Bc4 O-O 8. Bb3 d6 9. f3 Bd7 10. Qd2 Rc8 11. h4 h5
12. O-O-O Ne5 13. Rhe1 Nc4 14. Bxc4 Rxc4 15. Kb1 Qc7 16. Nde2
Rc8 17. Bd4 e5 18. Be3 b5 19. Qxd6 Qa5 20. Nc1 R8c6 21. Qb8+
Rc8 22. Qxa7 Qxa7 23. Bxa7 b4 24. Nd5 Nxd5 25. Rxd5 Be6
26. Rd2 Bf6 27. Bf2 Be7 28. Nd3 f6 29. Rc1 Ra8 30. b3 Rc7
31. Be1 Rb8 32. Rdd1 Kf7 33. c3 bxc3 34. Rxc3 Rcb7 35. Nc5
Bxc5 36. Rxc5 Ra8 37. Rd6 Rd7 38. Rxd7+ Bxd7 39. Kb2 1-0

[Event "ch-Pol u20"]
[Site "Brzeg Dolny POL"]
[Date "2001.02.09"]
[EventDate "2001.02.07"]
[Round "3"]
[Result "0-1"]
[White "Marek Stryjecki"]
[Black "Aleksander Mista"]
[WhiteElo "2445"]
[BlackElo "2432"]
[PlyCount "104"]

1. d4 g6 2. c4 Bg7 3. Nf3 d6 4. g3 Nf6 5. Bg2 O-O 6. O-O Nc6
7. Nc3 a6 8. e3 Bd7 9. Qe2 e5 10. dxe5 dxe5 11. h3 Qc8 12. Kh2
h6 13. Nd2 Be6 14. b3 Rd8 15. Bb2 Rd7 16. Rad1 Qf8 17. Ndb1
Rad8 18. Ba3 Qe8 19. Rxd7 Rxd7 20. Na4 Rd8 21. Nc5 Bc8 22. Rd1
Rxd1 23. Qxd1 b6 24. Ne4 Nxe4 25. Bxe4 Kh7 26. Qf3 Nd8 27. g4
Qd7 28. Bc2 Bb7 29. Be4 Bxe4 30. Qxe4 Qd1 31. Kg2 Ne6 32. Be7
c6 33. Na3 Qd7 34. Bh4 Nc5 35. Qc2 e4 36. Nb1 f5 37. gxf5 gxf5
38. Bg3 Nd3 39. Qe2 Qf7 40. Kh2 Qf6 41. f3 Nc5 42. fxe4 Nxe4
43. Bf4 b5 44. cxb5 axb5 45. a4 b4 46. Qa2 c5 47. Nd2 Nxd2
48. Qxd2 c4 49. bxc4 b3 50. c5 b2 51. Qc2 Qc6 52. Qxf5+ Qg6
0-1

[Event "ch-Pol u20"]
[Site "Brzeg Dolny POL"]
[Date "2001.02.11"]
[EventDate "2001.02.07"]
[Round "5"]
[Result "1/2-1/2"]
[White "Marcin Dziuba"]
[Black "Aleksander Mista"]
[WhiteElo "2421"]
[BlackElo "2432"]
[PlyCount "94"]

1. d4 g6 2. Nf3 Bg7 3. c3 d6 4. Bg5 Nf6 5. Nbd2 h6 6. Bh4 O-O
7. e4 Nbd7 8. Be2 e5 9. dxe5 dxe5 10. O-O Qe7 11. Qc2 a5
12. a4 Rd8 13. Nc4 b6 14. Rfe1 Bb7 15. Bf1 Qc5 16. Nfd2 Nf8
17. Rab1 g5 18. Bg3 Ng6 19. b4 axb4 20. cxb4 Qc6 21. b5 Qe8
22. Ra1 Bf8 23. Nb3 Bb4 24. Re3 Qe7 25. a5 bxa5 26. Ncxa5 Rab8
27. Nxb7 Rxb7 28. f3 Nf4 29. Bf2 Nd7 30. Na5 Bxa5 31. Rxa5 Nb6
32. Rc3 Ne6 33. Rc6 Qb4 34. Qc3 Qxc3 35. Rxc3 Rbb8 36. Be3 Rd1
37. Kf2 Rbd8 38. Be2 Rb1 39. Ra2 Rd7 40. Rc6 Kg7 41. Bxb6 cxb6
42. Rxb6 Nd4 43. Rb8 Rc7 44. b6 Rc3 45. b7 Nxe2 46. Kxe2 Rcb3
47. Re8 f6 1/2-1/2

[Event "ch-Pol u20"]
[Site "Brzeg Dolny POL"]
[Date "2001.02.12"]
[EventDate "2001.02.07"]
[Round "6"]
[Result "0-1"]
[White "Bartlomiej Heberla"]
[Black "Aleksander Mista"]
[WhiteElo "2364"]
[BlackElo "2432"]
[PlyCount "56"]

1. d4 Nf6 2. Nc3 d6 3. e4 g6 4. Bg5 Bg7 5. Qd2 c6 6. f4 O-O
7. Nf3 b5 8. Bd3 Bg4 9. O-O-O Nbd7 10. h3 Bxf3 11. gxf3 Nb6
12. f5 Qc7 13. h4 b4 14. Ne2 c5 15. dxc5 Qxc5 16. Be3 Qc7
17. h5 Nxh5 18. Rxh5 gxh5 19. Bh6 Bf6 20. e5 dxe5 21. Qxb4
Rfd8 22. Rg1+ Kh8 23. Qe4 Nd7 24. Kb1 Rac8 25. Nc3 Nc5 26. Nd5
Nxe4 27. Nxf6 Rg8 28. Nxg8 Rxg8 0-1

[Event "ch-Pol u20"]
[Site "Brzeg Dolny POL"]
[Date "2001.02.15"]
[EventDate "2001.02.07"]
[Round "9"]
[Result "0-1"]
[White "Aleksander Mista"]
[Black "Rafal Tomczak"]
[WhiteElo "2432"]
[BlackElo "2314"]
[PlyCount "50"]

1. e4 c5 2. Nf3 d6 3. d4 cxd4 4. Nxd4 Nf6 5. Nc3 a6 6. Be3 e5
7. Nb3 Be6 8. f3 Be7 9. Qd2 O-O 10. O-O-O Nbd7 11. g4 Qc7
12. Kb1 b5 13. g5 Nh5 14. Nd5 Bxd5 15. exd5 Nb6 16. Qf2 Nc4
17. Bc1 a5 18. Rg1 a4 19. Nd2 a3 20. b3 Nb2 21. Bxb2 axb2
22. Bxb5 Nf4 23. Ne4 Nh3 24. Qe2 Nxg1 25. Rxg1 Qa7 0-1

[Event "ch-Pol u20"]
[Site "Brzeg Dolny POL"]
[Date "2001.02.17"]
[EventDate "2001.02.07"]
[Round "11"]
[Result "1-0"]
[White "Aleksander Mista"]
[Black "Patryk Lagowski"]
[WhiteElo "2432"]
[BlackElo "2301"]
[PlyCount "69"]

1. e4 c5 2. Nf3 d6 3. d4 cxd4 4. Nxd4 Nf6 5. Nc3 Nc6 6. Bg5 e6
7. Qd2 a6 8. O-O-O Bd7 9. f3 h6 10. Be3 Qc7 11. Kb1 Na5
12. Nb3 Nxb3 13. cxb3 b5 14. Rc1 Qb7 15. Bd3 Bc6 16. Ne2 e5
17. Rc2 Rc8 18. Rhc1 Be7 19. g4 O-O 20. Ng3 d5 21. exd5 Nxd5
22. Bxh6 Rfd8 23. Nf5 Bf8 24. Nxg7 Bxg7 25. Qg5 f6 26. Qg6 Kf8
27. Rxc6 Rxc6 28. Rxc6 Bxh6 29. Qxh6+ Qg7 30. Qxg7+ Kxg7
31. Be4 Nb4 32. Rc1 Rd2 33. a3 Nd3 34. Rc7+ Kh6 35. Rd7 1-0

[Event "Cappelle la Grande"]
[Site "France"]
[Date "2003.02.23"]
[EventDate "2003.02.22"]
[Round "2"]
[Result "1-0"]
[White "Aleksander Mista"]
[Black "Jesus Nogueiras"]
[WhiteElo "2419"]
[BlackElo "2528"]
[PlyCount "63"]

1. e4 e6 2. d4 d5 3. Nd2 b6 4. Ngf3 Nf6 5. e5 Nfd7 6. c4 Be7
7. Bd3 Bb7 8. cxd5 Bxd5 9. Be4 c5 10. Bxd5 exd5 11. Qb3 Nc6
12. Qxd5 Nb4 13. Qb3 cxd4 14. O-O a5 15. Nxd4 Nxe5 16. Nf5 O-O
17. Ne4 Re8 18. Bf4 Qd3 19. Bxe5 Qxe4 20. Qg3 Bg5 21. Bxg7
Qxf5 22. Bh6 f6 23. h4 Qd3 24. hxg5 Qxg3 25. fxg3 fxg5 26. Rf6
Nc2 27. Rc1 Rac8 28. Rxb6 Nb4 29. Rf1 Nc2 30. Rf5 Ne1
31. Rxg5+ Kf7 32. Rg7+ 1-0

[Event "Cappelle la Grande"]
[Site "France"]
[Date "2003.02.24"]
[EventDate "2003.02.22"]
[Round "3"]
[Result "0-1"]
[White "Mark Hebden"]
[Black "Aleksander Mista"]
[WhiteElo "2515"]
[BlackElo "2419"]
[PlyCount "75"]

1. d4 d5 2. c4 dxc4 3. Nf3 Nf6 4. e3 e6 5. Bxc4 c5 6. O-O a6
7. Bb3 Nbd7 8. Re1 b5 9. e4 Bb7 10. Nbd2 cxd4 11. e5 Nd5
12. Ne4 Nc5 13. Nxc5 Bxc5 14. Ng5 Ne3 15. Nxe6 fxe6 16. fxe3
Qg5 17. e4 Qxe5 18. Bf4 d3+ 19. Kh1 Qxf4 20. Qh5+ g6 21. Qxc5
d2 22. Red1 Rd8 23. Bxe6 Qxe4 24. Bh3 Rf8 25. Rg1 Rd3 26. Raf1
Rxf1 27. Rxf1 Qe7 28. Qxe7+ Kxe7 29. Bg4 Bd5 30. b3 Rc3
31. Bd1 b4 32. Rf2 Re3 33. Kg1 Re1+ 34. Rf1 Kd6 35. Kf2 Re5
36. Bc2 Kc5 37. Bd3 Kd4 38. Rh1 0-1

[Event "Cappelle la Grande"]
[Site "France"]
[Date "2003.02.24"]
[EventDate "2003.02.22"]
[Round "4"]
[Result "1/2-1/2"]
[White "Philipp Schlosser"]
[Black "Aleksander Mista"]
[WhiteElo "2534"]
[BlackElo "2419"]
[PlyCount "58"]

1. d4 d5 2. c4 dxc4 3. e3 Nf6 4. Bxc4 e6 5. Nf3 c5 6. O-O a6
7. dxc5 Qxd1 8. Rxd1 Bxc5 9. Nbd2 O-O 10. Be2 b6 11. Nb3 Be7
12. Bc4 Bc5 13. Be2 Be7 14. Nfd2 Rd8 15. f3 Nc6 16. Nc4 Rxd1+
17. Bxd1 Nd7 18. e4 b5 19. Nca5 Nxa5 20. Nxa5 Bb4 21. Nb3 Nb6
22. Bd2 Bd6 23. Na5 Bc5+ 24. Kf1 Bd4 25. Rb1 Bd7 26. b3 Rc8
27. Ke2 e5 28. Rc1 Rxc1 29. Bxc1 Bc3 1/2-1/2

[Event "Cappelle la Grande"]
[Site "France"]
[Date "2003.02.25"]
[EventDate "2003.02.22"]
[Round "5"]
[Result "1-0"]
[White "Aleksander Mista"]
[Black "Ramil Hasangatin"]
[WhiteElo "2419"]
[BlackElo "2523"]
[PlyCount "97"]

1. e4 Nc6 2. Nf3 d6 3. d4 Nf6 4. Nc3 Bg4 5. Be3 e6 6. Qd2 d5
7. Bb5 Bxf3 8. gxf3 Qd7 9. Rg1 a6 10. Bf1 g6 11. O-O-O Bg7
12. Bh3 O-O 13. Bh6 Ne7 14. e5 Bxh6 15. Qxh6 Ne8 16. Ne2 Ng7
17. Nf4 Rfc8 18. Rg5 Qe8 19. Rdg1 Qf8 20. Qh4 Kh8 21. Nh5 gxh5
22. Rxg7 Ng6 23. R7xg6 hxg6 24. f4 Qh6 25. Kd1 Rg8 26. Rg5
Rae8 27. f5 exf5 28. Bxf5 Rg7 29. f4 Rf8 30. Bd3 f6 31. exf6
Rxf6 32. Bxg6 Rgxg6 33. Rxh5 Kg7 34. Rxh6 Rxh6 35. Qg5+ Rhg6
36. Qxd5 Rxf4 37. Qe5+ Rff6 38. Qxc7+ Kh6 39. Kd2 Rf3 40. b3
Rc6 41. Qxb7 Rf2+ 42. Kd3 Rcxc2 43. Qxa6+ Kg5 44. a4 Kf4
45. Qh6+ Kg4 46. Qg6+ Kf4 47. Qg3+ Kf5 48. Qe5+ Kg4 49. Qe1
1-0

[Event "Cappelle la Grande"]
[Site "France"]
[Date "2003.02.26"]
[EventDate "2003.02.22"]
[Round "6"]
[Result "1-0"]
[White "Aleksander Mista"]
[Black "Konstantin Aseev"]
[WhiteElo "2419"]
[BlackElo "2556"]
[PlyCount "85"]

1. e4 c5 2. Nf3 Nc6 3. d4 cxd4 4. Nxd4 Nf6 5. Nc3 d6 6. Bg5 e6
7. Qd2 Be7 8. O-O-O O-O 9. f4 Nxd4 10. Qxd4 a6 11. Kb1 b5
12. Bxf6 Bxf6 13. Qxd6 Bb7 14. Qxd8 Bxd8 15. Bd3 Ba5 16. Rhf1
Bxc3 17. bxc3 Rac8 18. Kb2 Rc5 19. Ra1 Bc6 20. Rfe1 Rh5 21. h3
Rh4 22. Rf1 g5 23. f5 h6 24. Rae1 Re8 25. Re3 Rf4 26. Rfe1
exf5 27. g3 Rfxe4 28. Bxe4 fxe4 29. g4 Kg7 30. Kb3 h5 31. Rd1
Re6 32. c4 hxg4 33. hxg4 Kf6 34. Rf1+ Kg6 35. cxb5 axb5 36. c4
Re5 37. Rd1 bxc4+ 38. Kxc4 Bb5+ 39. Kb4 f6 40. a4 Bd3
41. Rdxd3 exd3 42. Rxe5 fxe5 43. Kc3 1-0

[Event "POL-chT2"]
[Site "Wysowa"]
[Date "2003.09.12"]
[EventDate "?"]
[Round "9"]
[Result "1/2-1/2"]
[White "Aleksander Mista"]
[Black "Adam Deszczynski"]
[WhiteElo "2467"]
[BlackElo "2341"]
[PlyCount "90"]

1. e4 e5 2. Nf3 Nc6 3. Bb5 Nf6 4. O-O Nxe4 5. d4 Nd6 6. Bxc6
dxc6 7. dxe5 Nf5 8. Qxd8+ Kxd8 9. Nc3 h6 10. h3 Bd7 11. b3 Kc8
12. Bb2 c5 13. Rad1 b6 14. Nd5 Bc6 15. c4 Kb7 16. g4 Ne7
17. Nh4 Bxd5 18. cxd5 Rd8 19. d6 cxd6 20. Rxd6 Nc6 21. Rxd8
Nxd8 22. f4 g5 23. Ng2 gxf4 24. Nxf4 Rg8 25. Rd1 Kc8 26. Nd5
Rg6 27. Nf6 Be7 28. Kg2 Ne6 29. Kg3 Bxf6 30. exf6 h5 31. Rd6
Nc7 32. Kf4 hxg4 33. hxg4 Ne8 34. Re6 Nc7 35. Re2 Nd5+ 36. Kf5
Kd7 37. g5 Rg8 38. Bc1 Kc6 39. Rg2 b5 40. g6 Rxg6 41. Rxg6
fxg6+ 42. Kxg6 Nxf6 43. Kxf6 a5 44. Bd2 b4 45. Ke5 c4 1/2-1/2

[Event "Pardubice KB Czech op"]
[Site "Pardubice CZE"]
[Date "2003.??.??"]
[EventDate "?"]
[Round "3"]
[Result "1/2-1/2"]
[White "Aleksander Mista"]
[Black "Bartosz Socko"]
[WhiteElo "2467"]
[BlackElo "2551"]
[PlyCount "81"]

1.e4 e5 2.Nf3 Nc6 3.Bb5 a6 4.Ba4 Nf6 5.O-O Be7 6.Re1 b5 7.Bb3
d6 8.c3 O-O 9.h3 Nb8 10.d4 Nbd7 11.Nbd2 Bb7 12.Bc2 Re8 13.Nf1
Bf8 14.Ng3 g6 15.a4 Bg7 16.Bd3 c6 17.Bg5 h6 18.Bd2 Qc7 19.Qc1
h5 20.Bh6 Bh8 21.Qb1 Nf8 22.b4 Ne6 23.dxe5 dxe5 24.c4 bxa4
25.c5 a5 26.Rxa4 axb4 27.Rxb4 Nxc5 28.Rc1 Ra1 29.Qxa1 Nxd3
30.Rbb1 Nxc1 31.Qa7 Ra8 32.Qxb7 Qxb7 33.Rxb7 Nd3 34.Ng5 Nc5
35.Rxf7 Nfxe4 36.N3xe4 Nxe4 37.Rc7 Nxg5 38.Bxg5 Ra6 39.Rc8+
Kh7 40.Rc7+ Kg8 41.Rc8+ 1/2-1/2

[Event "Extraliga Vysehrad-Trinec"]
[Site "?"]
[Date "2004.??.??"]
[EventDate "2004.??.??"]
[Round "3.1"]
[Result "1/2-1/2"]
[White "Eduard Meduna"]
[Black "Aleksander Mista"]
[WhiteElo "2441"]
[BlackElo "2487"]
[PlyCount "31"]

1. d4 g6 2. e4 Bg7 3. c3 d6 4. Nf3 Nf6 5. Bd3 O-O 6. O-O Nc6
7. Nbd2 Nd7 8. Nc4 e5 9. dxe5 Ncxe5 10. Nfxe5 Nxe5 11. Nxe5
dxe5 12. Be3 Be6 13. Qe2 Qe7 14. Bc4 a6 15. a4 Rfd8 16. Rfd1
1/2-1/2

[Event "Extraliga Trinec - Brno"]
[Site "Trinec"]
[Date "2005.01.15"]
[EventDate "2005.01.15"]
[Round "5.1"]
[Result "0-1"]
[White "Aleksander Mista"]
[Black "Zbynek Hracek"]
[WhiteElo "2495"]
[BlackElo "2600"]
[PlyCount "146"]

1. e4 c5 2. Nf3 d6 3. d4 cxd4 4. Nxd4 Nf6 5. Nc3 a6 6. Be2 e6
7. f4 Be7 8. Be3 Nc6 9. Qd2 O-O 10. O-O-O Nd7 11. g4 Nxd4
12. Qxd4 b5 13. Bf3 Bb7 14. Rhf1 Rc8 15. e5 Bxf3 16. Rxf3 d5
17. Qd3 Rc4 18. Rh3 g6 19. Bd4 Nc5 20. Qe2 b4 21. Bxc5 bxc3
22. Qxc4 dxc4 23. Rxd8 Rxd8 24. Bd6 Bxd6 25. exd6 cxb2+
26. Kxb2 Rxd6 27. Kc3 Rd1 28. Rf3 Kf8 29. h3 Ra1 30. Kb2 Rh1
31. Kc3 Rh2 32. a4 Ke7 33. Kxc4 Rxc2+ 34. Kb4 Kd6 35. Rd3+ Kc6
36. g5 Rc5 37. Rd4 a5+ 38. Kb3 e5 39. fxe5 Rxe5 40. h4 Re3+
41. Kc2 Rh3 42. Kd2 Kc5 43. Rf4 Kd5 44. Ke2 Ke5 45. Rc4 f5
46. gxf6 Kxf6 47. Kf2 Kg7 48. Kg2 Ra3 49. h5 g5 50. Rc6 Rxa4
51. h6+ Kf7 52. Kg3 Rf4 53. Ra6 a4 54. Kh3 Rf6 55. Rxa4 Rxh6+
56. Kg3 Rf6 57. Ra8 h5 58. Ra3 Kg6 59. Ra5 h4+ 60. Kh3 Rf3+
61. Kg2 g4 62. Ra8 h3+ 63. Kh2 Rf2+ 64. Kg1 Rg2+ 65. Kh1 Re2
66. Ra5 g3 67. Ra1 Kf5 68. Kg1 Kf4 69. Ra4+ Kf3 70. Ra1 g2
71. Rb1 Re3 72. Kh2 Kf2 73. Rb2+ Re2 0-1

[Event "Extraliga Trinec-Grygov"]
[Site "?"]
[Date "2005.02.19"]
[EventDate "2005.??.??"]
[Round "6.1"]
[Result "0-1"]
[White "Aleksander Mista"]
[Black "Vlastimil Babula"]
[WhiteElo "2495"]
[BlackElo "2566"]
[PlyCount "58"]

1. e4 c5 2. Nf3 d6 3. d4 cxd4 4. Nxd4 Nf6 5. Nc3 a6 6. Be2 e5
7. Nb3 Be7 8. O-O O-O 9. Re1 Be6 10. Bf1 Nbd7 11. Nd5 Nxd5
12. exd5 Bf5 13. a4 Rc8 14. c3 Re8 15. a5 Bg5 16. Nd2 Rc5
17. Nc4 Bxc1 18. Rxc1 Qc7 19. Ne3 Bg6 20. Qd2 Rc8 21. g3 e4
22. f4 exf3 23. b4 Rxc3 24. Rxc3 Qxc3 25. Qxc3 Rxc3 26. Nc4
Nf6 27. Nxd6 h5 28. Nxb7 Rc2 29. Rd1 Nxd5 0-1